00698nam a2200229 a 450000100060000000300080000600500170001400800410003102000150007202000220008703500190010904000270012804100080015508200250016324500830018826000320027130000250030350400510032865000240037965000330040370000320043656942BD-RjUL20211209080442.0161205s2001 enk b 001 0 eng  a0826447260 a0826447279 (pbk.) a(BD-RjUL)57066 aDLCcDLCdBD-RjULbeng aeng00a200.82223bFEM 200100aFeminism in the study of religion :ba reader /cedited by Darlene M. Juschka. aLondon :bContinuum,c2001. axi, 700 p. ;c25 cm. aIncludes bibliographical references and index. 0aWomen and religion. 0aFeminismxReligious aspects.1 aJuschka, Darlene M.,d1957-